Statistics for Minecraft Mobs 1.19

Click here to take the quiz!

General Stats

  • This quiz has been taken 93 times
  • The average score is 56 of 76

Answer Stats

Answers% Correct
Cat
98%
Cow
98%
Ender Dragon
98%
Iron Golem
98%
Sheep
98%
Wolf
98%
Zombie
98%
Pig
96%
Skeleton
96%
Wither
96%
Enderman
94%
Snow Golem
94%
Chicken
90%
Horse
88%
Ocelot
88%
Spider
88%
Piglin
86%
Villager
86%
Shulker
84%
Wither Skeleton
84%
Axolotl
82%
Cod
82%
Creeper
82%
Parrot
82%
Salmon
82%
Blaze
80%
Donkey
80%
Warden
80%
Ghast
76%
Hoglin
76%
Pillager
76%
Magma Cube
75%
Dolphin
75%
Elder Guardian
75%
Llama
75%
Mule
75%
Slime
75%
Zombie Villager
75%
Drowned
73%
Endermite
73%
Frog
73%
Silverfish
73%
Tropical Fish
73%
Vex
73%
Allay
71%
Bee
71%
Cave Spider
71%
Fox
71%
Guardian
71%
Pufferfish
71%
Husk
69%
Strider
69%
Vindicator
69%
Witch
69%
Zombified Piglin
69%
Zoglin
67%
Turtle
65%
Bat
63%
Evoker
63%
Panda
63%
Phantom
63%
Stray
63%
Goat
61%
Piglin Brute
61%
Rabbit
61%
Ravager
61%
Squid
61%
Wandering Trader
61%
Polar Bear
59%
Skeleton Horse
57%
Spider Jockey
55%
Glow Squid
51%
Mooshroom
51%
Chicken Jockey
49%
Skeleton Horseman
31%
Ravager Jockey
20%

Score Distribution

Percentile by Number Answered

Percent of People with Each Score

Your Score History

You have not taken this quiz